| 000 | 00539nam a2200169 a 4500 | ||
|---|---|---|---|
| 001 | 000032121 | ||
| 005 | 20200930063440.0 | ||
| 008 | 110712s2002 dr 000 | spa d | ||
| 040 |
_aDO-SdBNP _bspa _cBNPHU |
||
| 082 |
_axxx _bH626ó |
||
| 100 | 1 |
_aHichez Tellería, Julio César, _d1954- _9923 |
|
| 245 | 1 | 0 |
_aOrientaciones municipales / _cJulio César Hichez Tellería. |
| 260 |
_a[Santo Domingo] : _b[s.n.], _c2002. |
||
| 300 |
_a165 p. ; _c21 cm. |
||
| 500 | _aIncluye datos biográficos del autor en la contracubierta. | ||
| 049 | _aBNPD | ||
| 999 |
_c31612 _d31612 |
||